EVALUATING TRAINING PROGRAMS (Record no. 16518)

MARC details
000 -LEADER
fixed length control field 00349nam a2200133Ia 4500
008 - FIXED-LENGTH DATA ELEMENTS--GENERAL INFORMATION
fixed length control field 240624s9999 xx 000 0 und d
041 ## - LANGUAGE CODE
Language code of text/sound track or separate title eng
082 ## - DEWEY DECIMAL CLASSIFICATION NUMBER
Classification number 658.3124 KIR
100 ## - MAIN ENTRY--PERSONAL NAME
Personal name KIRKPATRICK DONALD L
245 ## - TITLE STATEMENT
Title EVALUATING TRAINING PROGRAMS
260 ## - PUBLICATION, DISTRIBUTION, ETC.
Date of publication, distribution, etc. 2008
Place of publication, distribution, etc. New Delhi
Name of publisher, distributor, etc. Tata McGraw- Hill
300 ## - PHYSICAL DESCRIPTION
Extent 379 : p. : cm. ; 24
365 ## - TRADE PRICE
Currency code RS
Price amount 30
Holdings
Withdrawn status Lost status Damaged status Not for loan Home library Current library Shelving location Date acquired Source of acquisition Cost, normal purchase price Total Checkouts Full call number Barcode Date last seen Date last checked out Copy number Price effective from Koha item type
        IMTN IMTN Rack 26-A 01/18/2011 IBH 725.00 1 658.3124 KIR 16518 12/31/2024 12/30/2024 1 06/24/2024 Books
Designed & Maintained by: LRC IMT Nagpur Contact: lrc@imtnag.ac.in© 2024. All Rights Reserved.